De la Accesin̤ Codificada del siglo XIX, a la accesin̤ invertida del nuevo milenio y su relacin̤ con el Principio de Buena Fe en la Edificacin̤

Bibliographic Details
Main Author: Peąsco Velasco, Rosa
Format: eBook
Language:Spanish
Published: Alicante : Editorial Club Universitario, 2013
Subjects:
Online Access:http://www.vlex.com/source/7054

MARC

LEADER 00000nam a22000007a 4500
005 20130304153525.0
007 cr|||| ||||
008 130304e2013 sp |||||s|||| 00||0 spa d
020 |a 978-84-9948-792-2 
035 |a 7054 
040 |a vLex 
090 |c 3817  |d 3817 
100 1 0 |a Peąsco Velasco, Rosa 
245 1 0 |a De la Accesin̤ Codificada del siglo XIX, a la accesin̤ invertida del nuevo milenio y su relacin̤ con el Principio de Buena Fe en la Edificacin̤  |h [Recurso electrn̤ico] 
256 |a Servicio en ln̕ea 
260 |a Alicante :  |b Editorial Club Universitario,   |c 2013 
300 |a 1 Recurso electrn̤ico 
506 |d vLex Global  |d vLex Global (Academic Edition, excluding Law Schools)  |d vLex Global (U.S. Academic Edition, Law Schools)  |d vLex Global (U.S. Academic Edition, excluding Law Schools)  |d vLex Global (Academic Edition, Law Schools) 
650 0 4 |a Buena fe (Derecho) 
650 0 4 |a Edificacin̤ 
650 0 4 |a Derecho civil  |z Espaą 
740 |a vLex Libros (Servicio en linea) 
856 |a Acceso restringido  |u http://www.vlex.com/source/7054 
942 |c BOOK 
999 0 |a Good faith (Law)